[Event "POL-ch U18 Girls"]
[Site "Sypniewo"]
[Date "2022.03.23"]
[Round "5"]
[White "Wojtas, Julia"]
[Black "Jedrzejko, Martyna"]
[Result "0-1"]
[WhiteElo "1560"]
[BlackElo "1517"]
[PlyCount "52"]
[EventDate "2022.03.19"]
[EventType "swiss"]
[EventRounds "9"]
[EventCountry "POL"]
[SourceTitle "CBM 207 Extra"]
[Source "ChessBase"]
[SourceDate "2022.05.31"]
[SourceVersion "1"]
[SourceVersionDate "2022.05.31"]
[SourceQuality "1"]

1. e4 e6 2. d4 d5 3. Nc3 dxe4 4. Nxe4 Bd7 5. Nf3 Bc6 6. Bd3 Nd7 7. c3 Ngf6 8. Ng3 Be7 9. 0-0 0-0 10. Re1 a5 11. Ng5 h6 12. N5e4 Bxe4 13. Nxe4 c5 14. dxc5 Nxc5 15. Nxc5 Bxc5 16. Qf3 Qd5 17. Qe2 Rfd8 18. Bc2 Qc6 19. Bf4 Bd6 20. Be3 Bc5 21. Bf4 Bd6 22. Bd2 Bxh2+ 23. Kh1 Bc7 24. Rad1 Rd5 25. Be4 Nxe4 26. Qxe4 Qd6 0-1

[Event "Ustron op-C"]
[Site "Ustron"]
[Date "2021.08.16"]
[Round "5"]
[White "Skrzypczynski, Dariusz"]
[Black "Wojtas, Julia"]
[Result "0-1"]
[WhiteElo "1319"]
[BlackElo "1493"]
[PlyCount "95"]
[EventDate "2021.08.13"]
[EventType "swiss"]
[EventRounds "9"]
[EventCountry "POL"]
[SourceTitle "EXT 2022"]
[Source "ChessBase"]
[SourceDate "2021.10.06"]
[SourceVersion "1"]
[SourceVersionDate "2021.10.06"]
[SourceQuality "1"]

1. Nf3 d6 2. g3 g6 3. Bg2 Bg7 4. c3 c6 5. d3 Nd7 6. Nbd2 e5 7. 0-0 Ne7 8. Nc4 Qc7 9. Bd2 d5 10. Ne3 0-0 11. Qc1 f5 12. Nc2 Nf6 13. Bh6 Bxh6 14. Qxh6 f4 15. Nh4 Ng4 16. Qxf8+ Kxf8 17. gxf4 exf4 18. h3 Nf6 19. e3 Kg7 20. Rae1 Nf5 21. Nf3 Bd7 22. e4 Ne7 23. e5 Nh5 24. e6 Be8 25. Re2 h6 26. Rfe1 g5 27. Ne5 Nf6 28. Nd4 c5 29. Ndf3 Rd8 30. d4 c4 31. Kh1 Rd6 32. h4 g4 33. Nh2 f3 34. Nhxf3 gxf3 35. Nxf3 Ne4 36. Bh3 Bh5 37. Rg1+ Kh7 38. Bg4 Bxg4 39. Rxg4 Rxe6 40. Ne5 Rxe5 41. dxe5 Qxe5 42. Kg2 Qh5 43. f3 Nf5 44. Kh3 Nxh4 45. fxe4 Nf5+ 46. Kg2 Qxg4+ 47. Kf2 dxe4 48. Re3 0-1

[Event "Poronin Tatra Limba op-B"]
[Site "Poronin"]
[Date "2021.05.26"]
[Round "7.6"]
[White "Wojtas, Julia"]
[Black "Mytnik, Kinga"]
[Result "1/2-1/2"]
[WhiteElo "1549"]
[BlackElo "1406"]
[PlyCount "43"]
[EventDate "2021.05.22"]
[EventType "swiss"]
[EventRounds "9"]
[EventCountry "POL"]
[SourceTitle "EXT 2022"]
[Source "ChessBase"]
[SourceDate "2021.10.06"]
[SourceVersion "1"]
[SourceVersionDate "2021.10.06"]
[SourceQuality "1"]

1. e4 d6 2. d4 Nf6 3. Nc3 Nbd7 4. Be3 e5 5. d5 Be7 6. Bd3 c6 7. h3 Nf8 8. Nge2 Ng6 9. 0-0 0-0 10. Qe1 Nh5 11. Ng3 Nhf4 12. Rd1 Qa5 13. Bc4 b5 14. Bb3 c5 15. a3 Ba6 16. Nce2 Qxe1 17. Rfxe1 Nxe2+ 18. Nxe2 Kh8 19. Ng3 Nh4 20. f4 exf4 21. Bxf4 Ng6 22. Ne2 1/2-1/2

[Event "Ustron op-C"]
[Site "Ustron"]
[Date "2020.08.15"]
[Round "5"]
[White "Mroz, Lena"]
[Black "Wojtas, Julia"]
[Result "1-0"]
[WhiteElo "1643"]
[BlackElo "1480"]
[PlyCount "75"]
[EventDate "2020.08.15"]
[EventType "swiss"]
[EventRounds "9"]
[EventCountry "POL"]
[SourceTitle "EXT 2021"]
[Source "ChessBase"]
[SourceDate "2020.10.23"]
[SourceVersion "1"]
[SourceVersionDate "2020.10.23"]
[SourceQuality "1"]

1. e4 c5 2. Nf3 d6 3. d4 cxd4 4. Nxd4 Nf6 5. Nc3 a6 6. Bg5 Nbd7 7. f4 Qc7 8. Qe2 b5 9. g4 Bb7 10. Bg2 e6 11. 0-0-0 b4 12. Nd5 Qc8 13. Bxf6 gxf6 14. Nxb4 Bh6 15. Rhf1 a5 16. Nb5 Kf8 17. Nxd6 Qc7 18. Nb5 Qc8 19. Nd3 Ba6 20. Nc3 Rb8 21. h4 Ne5 22. g5 Nc4 23. Qf3 Bg7 24. gxf6 Bxf6 25. Ne5 Bxe5 26. fxe5 Nxe5 27. Qf6 Rg8 28. Rf2 Qc7 29. Bh3 Qb6 30. Qxe5 Qxb2+ 31. Kd2 Rd8+ 32. Ke3 Rg3+ 33. Kf4 Rxd1 34. Kxg3 Rg1+ 35. Rg2 Qxc2 36. Rxg1 Qd3+ 37. Kh2 Qd2+ 38. Rg2 1-0

[Event "Lazy op 14th"]
[Site "Lazy"]
[Date "2018.07.02"]
[Round "8"]
[White "Wojtas, Julia"]
[Black "Krzywnicka, Maria"]
[Result "1-0"]
[WhiteElo "1483"]
[BlackElo "1845"]
[PlyCount "55"]
[EventDate "2018.06.24"]
[EventType "swiss"]
[EventRounds "9"]
[EventCountry "POL"]
[SourceTitle "CBM 185 Extra"]
[Source "ChessBase"]
[SourceDate "2018.07.29"]
[SourceVersion "1"]
[SourceVersionDate "2018.07.29"]
[SourceQuality "1"]

1. e4 c5 2. Nf3 d6 3. d4 cxd4 4. Nxd4 Nf6 5. Nc3 a6 6. a4 e5 7. Nb3 Be6 8. Be2 Be7 9. 0-0 0-0 10. Kh1 h6 11. f4 Qc7 12. f5 Bd7 13. Be3 Bc6 14. Bf3 Nbd7 15. a5 b5 16. axb6 Nxb6 17. Qe2 Bb7 18. Na5 Bc8 19. g4 Rb8 20. Qg2 Nc4 21. Nxc4 Qxc4 22. g5 hxg5 23. Bxg5 Bb7 24. Bh6 Ne8 25. Be2 Qb4 26. f6 Kh7 27. Bxg7 Rg8 28. Qh3+ 1-0

[Event "POL Olympiad U14 Girls"]
[Site "Drzonkow"]
[Date "2017.04.06"]
[Round "6"]
[White "Bienko, Jagoda"]
[Black "Wojtas, Julia"]
[Result "0-1"]
[WhiteElo "1328"]
[BlackElo "1409"]
[PlyCount "92"]
[EventDate "2017.04.02"]
[EventType "swiss"]
[EventRounds "9"]
[EventCountry "POL"]
[SourceTitle "EXT 2020"]
[Source "ChessBase"]
[SourceDate "2019.10.17"]
[SourceVersion "1"]
[SourceVersionDate "2019.10.17"]
[SourceQuality "1"]

1. d4 d5 2. c4 e5 3. dxe5 d4 4. Nf3 Nc6 5. g3 Nge7 6. Bg2 Ng6 7. e3 Bb4+ 8. Bd2 dxe3 9. fxe3 Bg4 10. 0-0 0-0 11. Bxb4 Qxd1 12. Rxd1 Nxb4 13. Rd2 Rad8 14. Rxd8 Rxd8 15. Nc3 Nc2 16. Rd1 Rxd1+ 17. Nxd1 c6 18. Kf2 Bxf3 19. Bxf3 Nxe5 20. b3 Nb4 21. Nc3 f6 22. Be2 Kf7 23. a3 Nbd3+ 24. Bxd3 Nxd3+ 25. Kf1 Ke6 26. Ne4 Ke5 27. Nd2 g5 28. Ke2 Nc5 29. b4 Ne6 30. h3 h5 31. Kd3 Ng7 32. Nf3+ Kd6 33. e4 g4 34. c5+ Ke7 35. hxg4 hxg4 36. Nh4 Ke6 37. Ng6 Nh5 38. Nf4+ Nxf4+ 39. gxf4 f5 40. e5 Kd5 41. Ke3 a6 42. a4 a5 43. b5 cxb5 44. axb5 Kxc5 45. Kd3 Kxb5 46. Kd4 Kc6 0-1

[Event "POL-ch U12 Girls"]
[Site "Suwalki"]
[Date "2015.04.12"]
[Round "7.14"]
[White "Frej, Hanna"]
[Black "Wojtas, Julia"]
[Result "1/2-1/2"]
[WhiteElo "1248"]
[BlackElo "1295"]
[PlyCount "179"]
[EventDate "2015.04.08"]
[EventType "swiss"]
[EventRounds "9"]
[EventCountry "POL"]
[SourceTitle "EXT 2023"]
[Source "ChessBase"]
[SourceDate "2022.10.05"]
[SourceVersion "1"]
[SourceVersionDate "2022.10.05"]
[SourceQuality "1"]

1. e4 c5 2. Nc3 a6 3. f4 b5 4. Nf3 Bb7 5. d3 e6 6. Bd2 Ne7 7. Ne2 d5 8. Ng3 Nbc6 9. Be2 d4 10. 0-0 Ng6 11. e5 Be7 12. Ne4 h6 13. a3 f6 14. exf6 gxf6 15. Kh1 f5 16. Ng3 Qd7 17. a4 b4 18. c3 0-0-0 19. cxb4 cxb4 20. Qb3 Na5 21. Rfc1+ Kb8 22. Qc2 Bd5 23. Rg1 Rc8 24. Qd1 Bb3 25. Qf1 Rc2 26. Rb1 Rhc8 27. Bd1 R2c7 28. Be2 Bxa4 29. Qe1 Rb7 30. Qf2 Nb3 31. Bd1 Nc5 32. Bxa4 Qxa4 33. Nxd4 Nxd3 34. Qe2 Ngxf4 35. Bxf4+ Nxf4 36. Qe5+ Ka8 37. Qxf4 Bc5 38. Rgd1 Bxd4 39. Qxd4 Rc2 40. Qh8+ Rb8 41. Rd8 Qb5 42. Rxb8+ Qxb8 43. Qxh6 Qb7 44. Qh8+ Ka7 45. Qd4+ Ka8 46. Qd8+ Ka7 47. Qd4+ Ka8 48. Qg1 f4 49. Nf1 Qe4 50. Rd1 Qe2 51. Rd8+ Kb7 52. Rf8 e5 53. Rf7+ Kc6 54. Rf6+ Kd5 55. Rf8 Qf2 56. Qxf2 Rxf2 57. Kg1 Rxb2 58. Ra8 Ra2 59. g3 b3 60. h4 fxg3 61. Rd8+ Ke6 62. Rg8 b2 63. Nd2 Ra1+ 64. Kg2 Ra2 65. Nb1 Ra1 66. Nc3 a5 67. h5 b1Q 68. Nxb1 Rxb1 69. h6 Rb7 70. Rxg3 Rh7 71. Rh3 Kf6 72. Rh5 a4 73. Rh3 Kg6 74. Ra3 Ra7 75. Rh3 a3 76. h7 Rxh7 77. Rxa3 Rf7 78. Rg3+ Kh5 79. Re3 Rf5 80. Rh3+ Kg6 81. Rg3+ Kh6 82. Rh3+ Kg6 83. Rg3+ Kf6 84. Rf3 e4 85. Rxf5+ Kxf5 86. Kf1 Kf4 87. Kf2 e3+ 88. Ke2 Ke4 89. Ke1 Kd4 90. Ke2 1/2-1/2